Normal view MARC view
  • International Colloquium on Dynamics of Explosions and Reactive Systems

Entry Meeting Name

Number of records used in: 1

001 - CONTROL NUMBER

  • control field: 110853

003 - CONTROL NUMBER IDENTIFIER

  • control field: NUST

005 - DATE AND TIME OF LATEST TRANSACTION

  • control field: 20230321124318.0

008 - FIXED-LENGTH DATA ELEMENTS

  • fixed length control field: 230321|| aca||aabn | a|a d

040 ## - CATALOGING SOURCE

  • Original cataloging agency: NUST
  • Transcribing agency: NUST

111 ## - HEADING--MEETING NAME

  • Meeting name or jurisdiction name as entry element: International Colloquium on Dynamics of Explosions and Reactive Systems
  • Number of part/section/meeting: (11th :
  • Date of meeting: 1987 :
  • Location of meeting: Warsaw, Poland)

670 ## - SOURCE DATA FOUND

  • Source citation: Work cat.: (NUST)0: International Colloquium on Dynamics of Explosions and Reactive Systems (11th : 1987 : Warsaw, Poland), Dynamics of explosions /, 1988.
© 2023 Central Library, National University of Sciences and Technology. All Rights Reserved.